<?xml version="1.0" encoding="UTF-8"?><?xml-stylesheet type="text/xsl" href="static/style.xsl"?><OAI-PMH xmlns="http://www.openarchives.org/OAI/2.0/" xmlns:xsi="http://www.w3.org/2001/XMLSchema-instance" xsi:schemaLocation="http://www.openarchives.org/OAI/2.0/ http://www.openarchives.org/OAI/2.0/OAI-PMH.xsd"><responseDate>2026-04-17T19:04:02Z</responseDate><request verb="GetRecord" identifier="oai:www.recercat.cat:20.500.12327/104" metadataPrefix="marc">https://recercat.cat/oai/request</request><GetRecord><record><header><identifier>oai:recercat.cat:20.500.12327/104</identifier><datestamp>2025-10-22T11:04:25Z</datestamp><setSpec>com_2072_4428</setSpec><setSpec>com_2072_4427</setSpec><setSpec>col_2072_487898</setSpec></header><metadata><record xmlns="http://www.loc.gov/MARC21/slim" xmlns:dcterms="http://purl.org/dc/terms/" xmlns:xsi="http://www.w3.org/2001/XMLSchema-instance" xmlns:doc="http://www.lyncode.com/xoai" xsi:schemaLocation="http://www.loc.gov/MARC21/slim http://www.loc.gov/standards/marcxml/schema/MARC21slim.xsd">
   <leader>00925njm 22002777a 4500</leader>
   <datafield ind2=" " ind1=" " tag="042">
      <subfield code="a">dc</subfield>
   </datafield>
   <datafield ind2=" " ind1=" " tag="720">
      <subfield code="a">Teulon, David A. J.</subfield>
      <subfield code="e">author</subfield>
   </datafield>
   <datafield ind2=" " ind1=" " tag="720">
      <subfield code="a">Davidson, Melanie M.</subfield>
      <subfield code="e">author</subfield>
   </datafield>
   <datafield ind2=" " ind1=" " tag="720">
      <subfield code="a">Nielsen, Mette</subfield>
      <subfield code="e">author</subfield>
   </datafield>
   <datafield ind2=" " ind1=" " tag="720">
      <subfield code="a">Butler, Ruth</subfield>
      <subfield code="e">author</subfield>
   </datafield>
   <datafield ind2=" " ind1=" " tag="720">
      <subfield code="a">Bosch, Dolores</subfield>
      <subfield code="e">author</subfield>
   </datafield>
   <datafield ind2=" " ind1=" " tag="720">
      <subfield code="a">Riudavets, Jordi</subfield>
      <subfield code="e">author</subfield>
   </datafield>
   <datafield ind2=" " ind1=" " tag="720">
      <subfield code="a">Castañé, Cristina</subfield>
      <subfield code="e">author</subfield>
   </datafield>
   <datafield ind2=" " ind1=" " tag="260">
      <subfield code="c">2018-07-25</subfield>
   </datafield>
   <datafield ind2=" " ind1=" " tag="520">
      <subfield code="a">Non-pheromone semiochemicals or allelochemicals (kairomones, synomones, allomones) are often derived from, or are similar to,&#xd;
host plant odours and depending on their use, these semiochemicals may have to compete with the same or similar odours emanating&#xd;
from adjacent host plants with unknown consequences on trapping efficacy. The aim of this study was to examine the efficacy of the&#xd;
non-pheromone thrips attractant methyl isonicotinate (MI) as a lure for Western flower thrips (WFT; Frankliniella occidentalis) over a&#xd;
range of Prunus persicae nectarine plant growth stages (flowering, green fruit, ripe fruit), when competition from different host plant&#xd;
odours may vary, and different numbers of thrips can be present, in a Catalan nectarine orchard in 2014 and 2015. Significant 2.4–3.9&#xd;
× increases in WFT numbers in traps with MI compared with those without MI were consistent over the season (flowering, green fruit,&#xd;
mature fruit) despite overall differences in thrips numbers on these different occasions. These results suggest that MI is an effective&#xd;
lure throughout the nectarine growth stages despite the presumed presence of competing and changing host plant odours. Trap type and&#xd;
colour and MI release rate may be important for improving overall trap efficacy.</subfield>
   </datafield>
   <datafield ind1="8" ind2=" " tag="024">
      <subfield code="a">Teulon, David A.J., Melanie M. Davidson, Mette Nielsen, Ruth Butler, Dolores Bosch, Jordi Riudavets, and Cristina Castañé. 2018. "Short Communication: Efficacy Of A Non-Pheromone Semiochemical For Trapping Of Western Flower Thrips In The Presence Of Competing Plant Volatiles In A Nectarine Orchard". Spanish Journal Of Agricultural Research 16 (3): 10-01. http://revistas.inia.es/index.php/sjar/article/view/13060/4144.</subfield>
   </datafield>
   <datafield ind1="8" ind2=" " tag="024">
      <subfield code="a">2171-9292</subfield>
   </datafield>
   <datafield ind1="8" ind2=" " tag="024">
      <subfield code="a">http://hdl.handle.net/20.500.12327/104</subfield>
   </datafield>
   <datafield ind1="8" ind2=" " tag="024">
      <subfield code="a">https://doi.org/10.5424/sjar/2018163-13060</subfield>
   </datafield>
   <datafield ind2="0" ind1="0" tag="245">
      <subfield code="a">Efficacy of a non-pheromone semiochemical for trapping of western flower thrips in the presence of competing plant volatiles in a nectarine orchard</subfield>
   </datafield>
</record></metadata></record></GetRecord></OAI-PMH>